MANUAL OF HEART FAILURE (Record no. 10908)
[ view plain ]
| 000 -LEADER | |
|---|---|
| fixed length control field | 00318nam a22001457a 4500 |
| 003 - CONTROL NUMBER IDENTIFIER | |
| control field | SGT |
| 020 ## - INTERNATIONAL STANDARD BOOK NUMBER | |
| International Standard Book Number | 978-93-5090-630-9 |
| 082 ## - DEWEY DECIMAL CLASSIFICATION NUMBER | |
| Classification number | 616.11 |
| Item number | M14C |
| 100 ## - MAIN ENTRY--PERSONAL NAME | |
| Personal name | CHATTERJEE, KANU |
| 245 ## - TITLE STATEMENT | |
| Title | MANUAL OF HEART FAILURE |
| 260 ## - PUBLICATION, DISTRIBUTION, ETC. (IMPRINT) | |
| Place of publication, distribution, etc | INDIA |
| Name of publisher, distributor, etc | JAYPEE |
| Year of Publication | 2014 |
| 300 ## - PAGE DESCRIPTION | |
| No. of Pages | 366 |
| 650 ## - SUBJECT ADDED ENTRY--TOPICAL TERM | |
| Topical term or geographic name as entry element | MEDICINE |
| 942 ## - ADDED ENTRY ELEMENTS (KOHA) | |
| Source of classification or shelving scheme | Dewey Decimal Classification |
| Koha item type | Books |
| Withdrawn status | Lost status | Source of classification or shelving scheme | Damaged status | Not for loan | Collection code | Home library | Current library | Shelving location | Date acquired | Vendor Name | Cost, normal purchase price | SGTU | Bill Number | Total Checkouts | Full call number | Accession No. (Barcode) | Date last seen | Bill Date | Koha item type |
|---|---|---|---|---|---|---|---|---|---|---|---|---|---|---|---|---|---|---|---|
| Dewey Decimal Classification | NURSING | SGT Medical Library | SGT Medical Library | Text Book | 13/02/2017 | ABC | 995.00 | SGTU | 7429 | 616.11 M14C | FN3301 | 13/02/2017 | 04/11/2016 | Books | |||||
| Dewey Decimal Classification | NURSING | SGT Medical Library | SGT Medical Library | Text Book | 13/02/2017 | ABC | 995.00 | SGTU | 7429 | 616.11 M14C | FN3302 | 13/02/2017 | 04/11/2016 | Books | |||||
| Dewey Decimal Classification | NURSING | SGT Medical Library | SGT Medical Library | Text Book | 13/02/2017 | ABC | 995.00 | SGTU | 7429 | 616.11 M14C | FN3303 | 13/02/2017 | 04/11/2016 | Books |